Statistics for Countries of Kurdistan on a Map

Click here to take the quiz!

General Stats

  • This quiz has been taken 82 times
  • The average score is 6 of 6

Answers on the Map

Answers color-coded by a green-red scale on the quiz's map according to % correct below.
 

Answer Stats

Answer% Correct
Iran
100%
Iraq
100%
Turkey
100%
Armenia
97%
Syria
97%
Azerbaijan
93%

Score Distribution

Percentile by Number Answered

Percent of People with Each Score

Your Score History

You have not taken this quiz